zpět

Detail výsledku týmu

Záložna ÚT, Pardubice

Datum a čas kvízu

35 Celkem bodů Celkový počet nahraných bodů na tomto kvízu bez doplňovacích otázek.
8. Pořadí na kvízu Konečné umístění týmu na tomto kvízu.

Zaznamenané odpovědi

# Otázka Odpověď Body Výsledky
1. Která česká zoologická zahrada... Zoo Plzeň 0
2. Koho si vybral Kim Čong-un jak... A 1
3. Ve čtvrtek vyšel trailer na no... bude černobílá 1
4. Kterou americkou komunikační p... WhatsApp 1
5. Ze kterého města pochází tým,... ze Seattlu 1
6. Hned v úvodu bod rozdělíme: za... Ulánbátar; Altaj 0.5
7. Z následujících možností vyber... A 0
8. Jak se jmenuje hudební skupina... The Hu 0
9. Které náboženství je v Mongols... buddhismus (lamaismus) 0
10. Do Mongolska zasadila děj svéh... babičce 1